01030cam a22003494i 4500003000900000005001700009008004100026035001900067040003300086082002100119100004100140245020800181264001900389300001900408336002100427337002500448338002300473526001000496526001000506526001000516526001000526526000800536526000800544526000800552526000800560526000800568526000800576526000800584600002800592650003700620650002300657PE-LiUPU20250731173157.0150623s r 000 0 d a(Sirsi) a29179 aPE-LiUPUbspacPE-LiUPUerda04a291.32bP.662211 aPiobb, Pierre, d1874-1942 ,eautor.10aLe Sort de l'Europe d'après la célèbre Prophétie des Papes de Saint Malachie accompagnée de la Prophétie d'Orval et des toutes dernières Indications de Nostradamus /cPierre-Vincenti Piobb. 1aParis, c1939. a261 páginas. atext2rdacontent aunmediated2rdamedia avolume2rdacarrier aSEG42 aSEG41 aSEG40 aSEG39 aP94 aP87 aP86 aP85 aP77 aP76 aP3504aNostradamusd1503-1566.04aIglesia CatólicaxProfecías.04aFranciaxHistoria.